000 00951cam a2200229 4500
001 ABS64660
008 011016n2001 000 0 eng u
035 _a(Sirsi) u115128
100 _aAmbrose, J.
245 _aAt the cutting edge of energy-saving
260 _c2001
490 _aCSM
_bChartered Surveyor Monthly
_vOctober 2001, 25(2)
520 _aSchool of Built Environment at Nottingham University is pioneering a course in renewable energy and architecture. the Jubilee campus boasts some innovative design and technology. The school has attracted over £7m in funding from the EU and industry for its research into this useful new technology.
590 _aABS
650 _aENERGY SAVING
650 _aENERGY CONSUMPTION
650 _aSUSTAINABLE ENERGY
650 _aUNIVERSITY OF NOTTINGHAM
650 _aRENEWABLE TECHNOLOGY
690 _aENVIRONMENTAL AND LAND CONSULTANCY-ENERGY-ENERGY USE-ENERGY EFFICIENCY
942 _n0
999 _c68565
_d68565